| 000 | 03849nam0a2200493 4500 | ||
|---|---|---|---|
| 001 | RU\NLR\bibl\1974270 | ||
| 005 | 20260406112213.0 | ||
| 021 |
_aRU _b2012-88113 _96519 |
||
| 035 | _a(NLR Aleph) 001963068 | ||
| 035 | _a(nilc)RSL-KNO-005529489 | ||
| 090 |
_a3852164 _c3852164 |
||
| 100 | _a20121122d2012 u y0rusy50 ca | ||
| 101 | 0 | _arus | |
| 102 | _aRU | ||
| 105 | _ay ||||||||| | ||
| 200 | 1 |
_aДинамика гражданского общества, этноконфессиональная толерантность и диалог культур: эпистемологические модели _eколлективная монография _e[по итогам проведения молодежной конференции "Когнитивное моделирование: динамика гражданского общества и фактор национально-конфессиональной толерантности" в рамках Федеральной целевой программы "Научные и научно-педагогические кадры инновационной России" _fЕ.А. Кожемякин, В.П. Римский, А.В. Тихомиров и др.] |
|
| 210 |
_aБелгород _cБелгород _d2012 |
||
| 215 |
_a289, [1] с. _d20 |
||
| 300 | _aАвт. указаны в содерж. | ||
| 300 | _aВ надзаг.: Деп. образования, культуры и молодеж. политики Администрации Белгор. обл., ФГАОУ ВПО "Белгор. гос. нац. исслед. ун-т" | ||
| 320 | _aБиблиогр. в подстроч. примеч. | ||
| 606 | 1 |
_aЭтноконфессиональные отношения _xСоциально-философские вопросы _2nlr_sh2 _3RU\NLR\AUTH\661518811 |
|
| 606 | 1 |
_aГражданское общество _xСоциально-философские вопросы _2nlr_sh1 _2nlr_sh2 _3RU\NLR\AUTH\661373190 |
|
| 610 | 0 | _aгражданское общество | |
| 686 |
_aС555.372.2,0 _2rubbk |
||
| 686 | 1 | _aС550.566 | |
| 686 | 1 | _aС550.67 | |
| 686 | 1 | _aС550.511 | |
| 701 | 1 |
_aКожемякин _bЕ. А. _f1976- _gЕвгений Александрович _3RU\NLR\AUTH\770256878 _4070 |
|
| 701 | 1 |
_aРимский _bВ. П. _cд-р филос. наук, писатель _f1955- _gВиктор Павлович _3RU\NLR\AUTH\770291946 _4070 |
|
| 701 | 1 |
_aТихомиров _bА. В. _4070 |
|
| 702 | 1 |
_aРимский _bВ. П. _cд-р филос. наук, писатель _f1955- _gВиктор Павлович _3RU\NLR\AUTH\770291946 _4340 |
|
| 711 | 1 | 2 |
_a"Когнитивное моделирование: динамика гражданского общества и фактор национально-конфессиональной толерантности", всероссийская молодежная конференция _f2011 _eБелгород _3RU\NLR\AUTH\8810237590 |
| 712 | 0 | 2 |
_aБелгородский государственный национальный исследовательский университет _3RU\NLR\AUTH\8810197260 _4570 |
| 712 | 0 | 2 |
_a"Научные и научно-педагогические кадры инновационной России", федеральная целевая программа на 2009-2013 годы _3RU\NLR\AUTH\8810151387 _4570 |
| 801 | 0 |
_aRU _bRuMoRKP _c20121122 _grcr |
|
| 801 | 1 |
_aRU _bРГБ _c20121122 |
|
| 801 | 2 |
_aRU _bNLR _c20121203 _grcr |
|
| 830 | _aавт. раскрыты по ЭК | ||
| 942 | _cBOOK | ||
| 980 | _aNBR | ||
| 980 | _aNB | ||